Normal view
MARC view
- أبو سيف، حسام أحمد محمد مؤلف/أبو النجا السيد أحمد السيد م.مشارك
Entry Personal Name
001 - CONTROL NUMBER
- control field: 44423
003 - CONTROL NUMBER IDENTIFIER
- control field: JO-AjAnu
005 - DATE AND TIME OF LATEST TRANSACTION
- control field: 20230606081345.0
008 - FIXED-LENGTH DATA ELEMENTS
- fixed length control field: 230606|| aca||aabn | a|a d
040 ## - CATALOGING SOURCE
- Original cataloging agency: JO-AjAnu
- Transcribing agency: JO-AjAnu
100 ## - HEADING--PERSONAL NAME
- Personal name: أبو سيف، حسام أحمد محمد مؤلف/أبو النجا السيد أحمد السيد م.مشارك
670 ## - SOURCE DATA FOUND
- Source citation: Work cat.: (JO-AjAnu)22749: أبو سيف، حسام أحمد محمد مؤلف/أبو النجا السيد أحمد السيد م.مشارك, author, مدخل إلى التربية الخاصة = Intrance to Special Education